| 000 | 00732 a2200229 4500 | ||
|---|---|---|---|
| 010 | _aENG-86051 | ||
| 020 |
_a0070648263 _c350.00 |
||
| 035 | _aEN-69584 | ||
| 037 | _bD.B.Act / Pub | ||
| 082 | 1 | 4 | _a531.102462 |
| 245 | 1 |
_aVector mechanics for engineers : _cby Ferdinand P. Beer..[et.al] _bdynamics (SI Units) / |
|
| 250 | _a8th ed. | ||
| 260 |
_aNew Delhi _bTata Mc-Graw Hill Publishing _c2007 |
||
| 270 |
_a7, West Patel Nagar _bNew Delhi _e110 008 |
||
| 300 |
_axix, 601-1356 p. _c24 cm. (Pbk.) |
||
| 500 | _aIncludes index | ||
| 700 | 1 | _aBeer, Ferdinand P. | |
| 700 | 1 | _aJohnson, E. Russell | |
| 700 | 1 | _aEisemberg, Elliot R. | |
| 700 | 1 | _aClaused, William E. | |
| 942 |
_adpl _cEN _2ddc _h531.102462 _mVEC |
||
| 999 |
_c4048 _d4048 |
||